000
00182 a2200097 4500
020
_a
8434816067
041
_a
spa
100
_a
carvajal victor
245
_a
cuentatrapos
942
_c
BK
999
_c
31619
_d
31617